书目信息 |
| 题名: |
守望的尺度
|
|
| 作者: | 吴义勤 著 | |
| 分册: | ||
| 出版信息: | 长春 吉林科学技术出版公司 2009.10 |
|
| 页数: | 320页 | |
| 开本: | 23cm | |
| 丛书名: | ||
| 单 册: | ||
| 中图分类: | I206.7 | |
| 科图分类: | ||
| 主题词: | 文学评论--中国--现代--文集 , 文学评论 | |
| 电子资源: | ||
| ISBN: | 978-7-80762-390-8 | |
| 000 | 00904nam0 2200265 450 | |
| 001 | 1159734296 | |
| 005 | 20111212163603.43 | |
| 010 | @a978-7-80762-390-8@dCNY30.00 | |
| 090 | @aI206.7@bwyq | |
| 096 | @aI206.7@bwyq | |
| 100 | @a20100203d2009 em y0chiy50 ea | |
| 101 | 0 | @achi |
| 102 | @aCN@b220000 | |
| 105 | @ay z 000yy | |
| 200 | 1 | @a守望的尺度@b专著@f吴义勤著@9shou wang de chi du |
| 210 | @a长春@c吉林科学技术出版公司@d2009.10 | |
| 215 | @a320页@d23cm | |
| 300 | @a学院批评文库/刘中树,张学昕主编 | |
| 330 | @a本书是作者的评论自选集,全书分为两辑:第一辑“现象与问题”主要精选了他近年来观察、研究中国文学思潮以及各种文学现象的论文;第二辑是“作家与文本”。 | |
| 606 | 0 | @a文学评论@y中国@z现代@j文集 |
| 606 | 0 | @a文学评论 |
| 690 | @aI206.7@v4 | |
| 701 | 0 | @a吴义勤@f(1966.2~)@4著@9wu yi qin |
| 801 | 0 | @aCN@b大连网信软件有限公司图书馆·11@c20111212 |
| 905 | @aZUCC@dI206.7@eW9051 | |
| 守望的尺度/吴义勤著.-长春:吉林科学技术出版公司,2009.10 |
| 320页;23cm |
| 学院批评文库/刘中树,张学昕主编 |
| ISBN 978-7-80762-390-8:CNY30.00 |
| 本书是作者的评论自选集,全书分为两辑:第一辑“现象与问题”主要精选了他近年来观察、研究中国文学思潮以及各种文学现象的论文;第二辑是“作家与文本”。 |
| ● |
| 相关链接 |
|
|
|
正题名:守望的尺度
索取号:I206.7/W9051
 
预约/预借
| 序号 | 登录号 | 条形码 | 馆藏地/架位号 | 状态 | 备注 |
| 1 | 827187 | 208271877 | 文学库108/108文学库 6排7列2层/ [索取号:I206.7/W9051] | 在馆 | |
| 2 | 827188 | 208271886 | 文学库108/108文学库 6排7列2层/ [索取号:I206.7/W9051] | 在馆 | |
| 3 | 827189 | 208271895 | 文学库108/108文学库 4排11列1层/ [索取号:I206.7/W9051] | 在馆 |